| 000 | 00762nam a2200253 a 4500 | ||
|---|---|---|---|
| 008 | |||
| 020 | _a0749425857 (cased) | ||
| 049 | _aMAIN | ||
| 090 | 0 | 1 | _aHG4637PLU |
| 100 | 1 | _aPlummer, Tony. | |
| 245 | 1 | 0 |
_aForecasting financial markets: _bthe psychological dynamics of successful investing / _cTony Plummer. |
| 250 | _a3rd ed. | ||
| 260 |
_aLondon : _bKogan Page, _c1998. |
||
| 300 |
_ax, 310 p. : _bill. ; _c25 cm. |
||
| 504 | _aIncludes bibliographical references. | ||
| 500 | _aIncludes index. | ||
| 650 | 0 | _aStock price forecasting. | |
| 650 | 0 | _aInvestment analysis. | |
| 907 |
_a.b10102097 _b31-01-06 _c08-12-03 |
||
| 003 | |||
| 005 | 20230123133539.0 | ||
| 040 | _cNUST | ||
| 942 |
_cBOOKS _kHG4637PLU |
||
| 999 |
_c150507 _d150507 |
||